| 000 | 00527nam a2200181 i 4500 | ||
|---|---|---|---|
| 001 | 90087 | ||
| 003 | ES-MaACL | ||
| 005 | 20230906180338.0 | ||
| 007 | t| | ||
| 008 | 050118s1966 sp ||||1| spa d | ||
| 100 | 1 |
_aLecha Carralero, César. _971060 |
|
| 245 | 1 | 0 |
_aGimnasia / _cpor César Lecha Carralero y Manuel Jover de Dorda. |
| 250 | _a[1ª ed.]. | ||
| 260 |
_aBarcelona : _bGassó, _c[1966] |
||
| 300 |
_a378 p. : _bil. ; _c20 cm. |
||
| 700 | 1 |
_aJover de Dorda, Manuel. _967064 |
|
| 852 |
_aES-MaACL _jC-30636 _bR.70280 |
||
| 999 |
_c90087 _d90087 |
||